| 000 | 00665nam a22001575i 4500 | ||
|---|---|---|---|
| 001 | 162568 | ||
| 003 | ES-MaACL | ||
| 005 | 20230906212545.0 | ||
| 008 | 951113s1886 sp a |||| | spa d | ||
| 040 |
_aCARM _bspa _cCCPB | SIC |
||
| 100 | 1 |
_aPridgin Teale, J. _9131368 |
|
| 245 | 1 | 3 |
_aLa salud en peligro en las casas mal acondicionadas / _cpor J. Pridgin Teale ; traducido de la 4\pa\s edición inglesa por M.A. Garay ; y precedido de una carta-prólogo de D. Segismundo Moret. |
| 260 |
_aBilbao : _b[s.n.], _c1886 ( _fImprenta y Litografía de la Viuda de Dalmas) |
||
| 300 |
_aXXIII, 150 p. : _bil. col. ; _c21 cm. |
||
| 852 |
_aES-MaACL _jG-12976 _z-- Enc. tela |
||
| 999 |
_c162568 _d162568 |
||